[Event "Vlissingen HZ op 24th"]
[Site "Vlissingen"]
[Date "2022.08.12"]
[Round "8"]
[White "Leentjens, Gilbert"]
[Black "Reichardt, Gert"]
[Result "1/2-1/2"]
[WhiteElo "1810"]
[BlackElo "1979"]
[PlyCount "61"]
[EventDate "2022.08.06"]
[EventType "swiss"]
[EventRounds "9"]
[EventCountry "NED"]
[SourceTitle "CBM 209 Extra"]
[Source "ChessBase"]
[SourceDate "2022.09.30"]
[SourceVersion "1"]
[SourceVersionDate "2022.09.30"]
[SourceQuality "1"]

1. e4 c5 2. Nc3 a6 3. g3 b5 4. Bg2 Bb7 5. d3 e6 6. a3 Be7 7. Nce2 d5 8. e5 Qc7 9. d4 cxd4 10. f4 Nc6 11. Nf3 Bc5 12. b4 Ba7 13. Bb2 Nge7 14. Nfxd4 Nxd4 15. Bxd4 Bxd4 16. Nxd4 Qc3+ 17. Ke2 Rc8 18. Qd3 Kd7 19. Rhb1 Nf5 20. Nxf5 Qxc2+ 21. Qxc2 Rxc2+ 22. Kf1 exf5 23. a4 Rhc8 24. axb5 axb5 25. Ra7 Rc1+ 26. Rxc1 Rxc1+ 27. Kf2 Rc2+ 28. Ke3 Rc7 29. Kd4 Rc4+ 30. Kd3 Rc7 31. Kd4 1/2-1/2

[Event "Vlissingen HZ op 24th"]
[Site "Vlissingen"]
[Date "2022.08.07"]
[Round "2"]
[White "Grochal, Joey"]
[Black "Reichardt, Gert"]
[Result "1/2-1/2"]
[WhiteElo "2290"]
[BlackElo "1979"]
[PlyCount "67"]
[EventDate "2022.08.06"]
[EventType "swiss"]
[EventRounds "9"]
[EventCountry "NED"]
[SourceTitle "CBM 209 Extra"]
[Source "ChessBase"]
[SourceDate "2022.09.30"]
[SourceVersion "1"]
[SourceVersionDate "2022.09.30"]
[SourceQuality "1"]

1. d4 d5 2. c4 c6 3. Nf3 Nf6 4. Nc3 e6 5. Bg5 dxc4 6. e4 b5 7. e5 h6 8. Bh4 g5 9. Nxg5 hxg5 10. Bxg5 Nbd7 11. exf6 Bb7 12. g3 c5 13. d5 Qb6 14. Bg2 0-0-0 15. 0-0 b4 16. Na4 Qb5 17. a3 Nb8 18. axb4 cxb4 19. Qg4 Bxd5 20. Rfc1 Nd7 21. Bxd5 exd5 22. b3 c3 23. Qd4 Bc5 24. Nxc5 Qxc5 25. Be3 Qxd4 26. Bxd4 Rhe8 27. Ra4 a5 28. Rxa5 Ne5 29. Bxc3 bxc3 30. Rxc3+ Kb7 31. Rcc5 Nf3+ 32. Kg2 Ne1+ 33. Kf1 d4 34. Rab5+ 1/2-1/2

[Event "Vlissingen HZ op 23rd"]
[Site "Vlissingen"]
[Date "2019.08.04"]
[Round "3"]
[White "Hng, Mei Xian Eunice"]
[Black "Reichardt, Gert"]
[Result "0-1"]
[WhiteElo "1719"]
[BlackElo "1987"]
[PlyCount "68"]
[EventDate "2019.08.03"]
[EventType "swiss"]
[EventRounds "9"]
[EventCountry "NED"]
[SourceTitle "CBM 191 Extra"]
[Source "ChessBase"]
[SourceDate "2019.09.30"]
[SourceVersion "1"]
[SourceVersionDate "2019.09.30"]
[SourceQuality "1"]

1. e4 c5 2. d4 cxd4 3. c3 dxc3 4. Nxc3 e6 5. Bc4 a6 6. Nf3 b5 7. Bb3 Nc6 8. Qe2 Bb4 9. 0-0 Nge7 10. Bg5 h6 11. Bh4 Qb6 12. Rfd1 0-0 13. Rac1 Ng6 14. Bg3 Na5 15. h4 Ne7 16. Bc7 Qxc7 17. Nd5 Nxd5 18. Rxc7 Nxc7 19. Rc1 Nxb3 20. Rxc7 Na5 21. a3 Bd6 22. Rc3 Nc6 23. Qd2 Be7 24. Qf4 e5 25. Qg3 Bf6 26. Rd3 Rd8 27. Rd6 Kf8 28. h5 Ke7 29. Rd1 Bb7 30. Qg4 d6 31. Nh4 Nd4 32. Nf5+ Nxf5 33. Qxf5 Rac8 34. f3 Rc2 0-1

[Event "Vlissingen HZ op 23rd"]
[Site "Vlissingen"]
[Date "2019.08.04"]
[Round "2"]
[White "Reichardt, Gert"]
[Black "Hausrath, Daniel"]
[Result "0-1"]
[WhiteElo "1987"]
[BlackElo "2467"]
[PlyCount "166"]
[EventDate "2019.08.03"]
[EventType "swiss"]
[EventRounds "9"]
[EventCountry "NED"]
[SourceTitle "CBM 191 Extra"]
[Source "ChessBase"]
[SourceDate "2019.09.30"]
[SourceVersion "1"]
[SourceVersionDate "2019.09.30"]
[SourceQuality "1"]

1. e4 g6 2. d4 Bg7 3. Nf3 d6 4. Bd3 Nf6 5. c3 0-0 6. 0-0 Nc6 7. h3 e5 8. Bg5 h6 9. dxe5 hxg5 10. exf6 Qxf6 11. Nh2 Ne5 12. Be2 Be6 13. Nd2 Rad8 14. Ng4 Nxg4 15. Bxg4 d5 16. Bxe6 Qxe6 17. Qc2 g4 18. hxg4 Qxg4 19. exd5 Rxd5 20. Qe4 Qxe4 21. Nxe4 Re8 22. f3 f5 23. Ng3 Rb5 24. Rf2 Bf8 25. Rc2 Kf7 26. Rd1 Bd6 27. Ne2 Rbe5 28. Kf2 Kf6 29. Nd4 Rd5 30. c4 Rde5 31. Re2 c5 32. Rxe5 Bxe5 33. Nb3 b6 34. Rd2 Bf4 35. Rd7 a5 36. g3 Be3+ 37. Kf1 a4 38. Nd2 Rh8 39. Ke2 Bxd2 40. Rxd2 Ke6 41. Ke3 g5 42. Re2 Rh1 43. f4 g4 44. Kd3+ Kd6 45. Kc3 Rc1+ 46. Kd3 Rg1 47. Re3 Rg2 48. Kc3 a3 49. bxa3 Rxa2 50. Kb3 Rf2 51. Kc3 Kd7 52. Kb3 Rf3 53. Rc3 Kc6 54. Kc2 Rf2+ 55. Kb3 Kb7 56. Rd3 Kc6 57. Kc3 b5 58. cxb5+ Kxb5 59. Rd5 Rf3+ 60. Kc2 Rxg3 61. Rxf5 Rxa3 62. Rg5 g3 63. f5 Kc6 64. f6 Kd6 65. f7 Ke7 66. f8Q+ Kxf8 67. Kb2 Rf3 68. Rxc5 Kf7 69. Rc1 Kf6 70. Kc2 Kf5 71. Kd2 Kg4 72. Ke2 Rf8 73. Rc7 g2 74. Rg7+ Kh3 75. Rh7+ Kg3 76. Rg7+ Kh2 77. Rh7+ Kg1 78. Rh6 Re8+ 79. Kd2 Re5 80. Rh8 Kf2 81. Rf8+ Kg3 82. Rg8+ Kf3 83. Rg7 Re4 0-1

[Event "Vlissingen HZ op 21st"]
[Site "Vlissingen"]
[Date "2017.08.11"]
[Round "8"]
[White "Reichardt, Gert"]
[Black "Boelhouwer, Collin"]
[Result "1-0"]
[WhiteElo "1928"]
[BlackElo "2096"]
[PlyCount "165"]
[EventDate "2017.08.05"]
[EventType "swiss"]
[EventRounds "9"]
[EventCountry "NED"]
[SourceTitle "CBM 179 Extra"]
[Source "ChessBase"]
[SourceDate "2017.08.23"]
[SourceVersion "1"]
[SourceVersionDate "2017.08.23"]
[SourceQuality "1"]

1. e4 c5 2. Nc3 g6 3. d4 cxd4 4. Qxd4 Nf6 5. e5 Nc6 6. Qf4 Nh5 7. Qe4 f5 8. exf6 Nxf6 9. Qh4 Bg7 10. Bh6 0-0 11. Bc4+ e6 12. Bxg7 Kxg7 13. Nf3 a6 14. 0-0-0 Qc7 15. Ng5 b5 16. Bd3 Nh5 17. Nxh7 Qf4+ 18. Qxf4 Rxf4 19. Ng5 Rxf2 20. Be4 Rf6 21. Bxc6 dxc6 22. Nce4 Rf8 23. Rd6 e5 24. Rxc6 Bf5 25. Rc7+ Kg8 26. Re7 Rac8 27. g3 Rfe8 28. Rxe8+ Rxe8 29. Rd1 Rc8 30. Rd5 Rc6 31. Rxe5 Nf6 32. Nxf6+ Rxf6 33. Re2 Bg4 34. Re8+ Kg7 35. h3 Rf1+ 36. Kd2 Rf2+ 37. Ke1 Rf5 38. hxg4 Rxg5 39. Re4 Rc5 40. c3 Kf6 41. a4 Rd5 42. Ke2 a5 43. c4 bxc4 44. Rxc4 Ke7 45. b4 axb4 46. Rxb4 Kd7 47. Ke3 Rc5 48. Rb7+ Kc6 49. Rg7 g5 50. Rg6+ Kd7 51. Ra6 Rc4 52. Kf3 Rb4 53. a5 Ra4 54. Ra8 Ke7 55. a6 Kf7 56. a7 Kg7 57. Ke3 Kh7 58. Kd3 Kg7 59. Kc3 Ra1 60. Kd4 Rd1+ 61. Ke5 Re1+ 62. Kf5 Rf1+ 63. Kxg5 Ra1 64. Kf4 Rf1+ 65. Ke3 Re1+ 66. Kf2 Ra1 67. g5 Ra3 68. g6 Ra1 69. Kf3 Ra4 70. Ke3 Ra3+ 71. Kf4 Ra4+ 72. Kg5 Ra5+ 73. Kh4 Ra4+ 74. g4 Ra3 75. g5 Ra4+ 76. Kh5 Ra1 77. Rb8 Rxa7 78. Rb4 Rc7 79. Rf4 Ra7 80. Rf7+ Rxf7 81. gxf7 Kxf7 82. Kh6 Kg8 83. Kg6 1-0

[Event "Maastricht Limburg op-B 9th"]
[Site "Maastricht"]
[Date "2015.05.25"]
[Round "7"]
[White "Reichardt, Gert"]
[Black "Tangelder, Yonne"]
[Result "1-0"]
[WhiteElo "2007"]
[BlackElo "1887"]
[PlyCount "123"]
[EventDate "2015.05.22"]
[EventType "swiss"]
[EventRounds "7"]
[EventCountry "NED"]
[SourceTitle "EXT 2016"]
[Source "ChessBase"]
[SourceDate "2015.10.08"]
[SourceVersion "1"]
[SourceVersionDate "2015.10.08"]
[SourceQuality "1"]

1. d4 f5 2. Nf3 Nf6 3. Bf4 g6 4. e3 Bg7 5. Bc4 e6 6. h3 d6 7. Nbd2 Nc6 8. c3 h6 9. Qc2 Qe7 10. Bb5 Bd7 11. 0-0-0 a6 12. Be2 e5 13. dxe5 dxe5 14. Bh2 0-0-0 15. Nc4 Ne4 16. Rhf1 Qc5 17. Nfd2 Nxd2 18. Nxd2 Be6 19. Nb3 Qb6 20. Kb1 Na5 21. Nc1 e4 22. g4 Nc4 23. Bxc4 Bxc4 24. Rg1 Rxd1 25. Rxd1 Rd8 26. Rxd8+ Kxd8 27. Qd1+ Kc8 28. Kc2 Qa5 29. gxf5 Qxf5 30. Qg4 Qxg4 31. hxg4 Be6 32. g5 hxg5 33. Nb3 Bf8 34. a3 Kd7 35. Nd4 Bd5 36. Be5 Be7 37. Bg3 b5 38. Nb3 Bxb3+ 39. Kxb3 c5 40. c4 Bd6 41. cxb5 axb5 42. a4 bxa4+ 43. Kxa4 Bxg3 44. fxg3 Kc6 45. g4 Kd6 46. Kb3 Kd5 47. Kc3 Kd6 48. Kc4 Kc6 49. b4 cxb4 50. Kxb4 Kb6 51. Kc4 Kc6 52. Kd4 Kd6 53. Kxe4 Ke6 54. Kd4 Kd6 55. e4 Ke6 56. e5 Ke7 57. Kd5 Kd7 58. e6+ Ke7 59. Ke5 Ke8 60. Kf6 Kf8 61. Kxg6 Ke7 62. Kf5 1-0

[Event "Maastricht Limburg op-B 9th"]
[Site "Maastricht"]
[Date "2015.05.24"]
[Round "4"]
[White "Bulthuis, Jelle"]
[Black "Reichardt, Gert"]
[Result "0-1"]
[WhiteElo "1852"]
[BlackElo "2007"]
[PlyCount "48"]
[EventDate "2015.05.22"]
[EventType "swiss"]
[EventRounds "7"]
[EventCountry "NED"]
[SourceTitle "EXT 2016"]
[Source "ChessBase"]
[SourceDate "2015.10.08"]
[SourceVersion "1"]
[SourceVersionDate "2015.10.08"]
[SourceQuality "1"]

1. e4 d6 2. d4 Nf6 3. Nc3 Nbd7 4. Bc4 c6 5. e5 dxe5 6. dxe5 Nxe5 7. Qxd8+ Kxd8 8. Bb3 e6 9. Bf4 Ng6 10. Bg5 Be7 11. Nf3 h6 12. Bd2 Bd6 13. 0-0-0 Ke7 14. g3 Bc5 15. Rhf1 b5 16. h4 a5 17. a3 Bb6 18. g4 Nxg4 19. h5 N6e5 20. Nxe5 Nxe5 21. Rg1 g5 22. hxg6 Nxg6 23. Rh1 Bxf2 24. Bxh6 Rxh6 0-1

[Event "Maastricht Limburg op-B 9th"]
[Site "Maastricht"]
[Date "2015.05.23"]
[Round "2"]
[White "Mitran, Anthony Cristian"]
[Black "Reichardt, Gert"]
[Result "1/2-1/2"]
[WhiteElo "1870"]
[BlackElo "2007"]
[PlyCount "65"]
[EventDate "2015.05.22"]
[EventType "swiss"]
[EventRounds "7"]
[EventCountry "NED"]
[SourceTitle "EXT 2016"]
[Source "ChessBase"]
[SourceDate "2015.10.08"]
[SourceVersion "1"]
[SourceVersionDate "2015.10.08"]
[SourceQuality "1"]

1. d4 d5 2. c4 dxc4 3. e3 Nf6 4. Bxc4 e6 5. Nf3 Nc6 6. 0-0 Be7 7. Nc3 0-0 8. b3 a6 9. Bb2 b5 10. Bd3 Bb7 11. Ne4 Nb4 12. Nxf6+ Bxf6 13. Bb1 c5 14. a3 Nc6 15. Qc2 g6 16. dxc5 b4 17. Rd1 Qe7 18. Nd4 Nxd4 19. Bxd4 bxa3 20. Bxf6 Qxf6 21. Rxa3 Rfc8 22. b4 Qg5 23. f4 Qe7 24. Rc3 Bc6 25. Qe2 Qb7 26. Rd4 a5 27. Rb3 Bd5 28. Rb2 a4 29. Ba2 Be4 30. Qc4 a3 31. Rbd2 Bd5 32. Qc3 Bc6 33. Qb3 1/2-1/2

[Event "Maastricht Limburg op-B 8th"]
[Site "Maastricht"]
[Date "2014.06.09"]
[Round "7"]
[White "De Mey, Juan Pablo"]
[Black "Reichardt, Gert"]
[Result "0-1"]
[WhiteElo "1946"]
[BlackElo "1872"]
[PlyCount "104"]
[EventDate "2014.06.06"]
[EventType "swiss"]
[EventRounds "7"]
[EventCountry "NED"]
[SourceTitle "EXT 2015"]
[Source "ChessBase"]
[SourceDate "2014.11.20"]
[SourceVersion "1"]
[SourceVersionDate "2014.11.20"]
[SourceQuality "1"]

1. d4 Nf6 2. c4 e6 3. Nc3 Bb4 4. e3 b6 5. Nge2 Ne4 6. a3 Bxc3+ 7. Nxc3 Nxc3 8. bxc3 Bb7 9. d5 0-0 10. Be2 d6 11. 0-0 Nd7 12. e4 e5 13. Qc2 Qe7 14. g3 Rae8 15. Be3 Nf6 16. Kg2 Bc8 17. f3 h6 18. h4 Nh7 19. Bd3 f6 20. Rh1 Rf7 21. Rag1 Kh8 22. Kf1 Ref8 23. g4 g5 24. Ke1 Kg7 25. Qd2 Rg8 26. Be2 a5 27. Rh2 Rh8 28. Rgh1 Rff8 29. Bd3 Rfg8 30. Qb2 Bd7 31. Qg2 Nf8 32. hxg5 hxg5 33. Qf2 Ng6 34. Rh5 Rxh5 35. gxh5 Nf4 36. Kd2 Rh8 37. Bxb6 cxb6 38. Qxb6 a4 39. c5 dxc5 40. d6 Qe6 41. Qxc5 Nxd3 42. Kxd3 Rc8 43. Qd5 Qxd5+ 44. exd5 Bf5+ 45. Kd2 Rc5 46. Rd1 Rxd5+ 47. Ke2 Rxd1 48. Kxd1 Kh6 49. c4 Kxh5 50. Kd2 Kg6 51. Kc3 Kf7 52. c5 e4 0-1

[Event "Maastricht Limburg op-B 8th"]
[Site "Maastricht"]
[Date "2014.06.08"]
[Round "5"]
[White "Dirksen, Marieke"]
[Black "Reichardt, Gert"]
[Result "1-0"]
[WhiteElo "2005"]
[BlackElo "1872"]
[PlyCount "27"]
[EventDate "2014.06.06"]
[EventType "swiss"]
[EventRounds "7"]
[EventCountry "NED"]
[SourceTitle "EXT 2015"]
[Source "ChessBase"]
[SourceDate "2014.11.20"]
[SourceVersion "1"]
[SourceVersionDate "2014.11.20"]
[SourceQuality "1"]

1. e4 d6 2. d4 Nf6 3. Nc3 Nbd7 4. Nf3 e5 5. Bc4 h6 6. a4 Be7 7. 0-0 0-0 8. h3 c6 9. dxe5 dxe5 10. Qe2 Qc7 11. Nh4 Nb6 12. Ba2 Re8 13. a5 Nbd7 14. Bxf7+ 1-0

[Event "Maastricht Limburg op-B 8th"]
[Site "Maastricht"]
[Date "2014.06.07"]
[Round "2"]
[White "Reichardt, Gert"]
[Black "Geboers, Jimmy"]
[Result "1-0"]
[WhiteElo "1872"]
[BlackElo "1907"]
[PlyCount "117"]
[EventDate "2014.06.06"]
[EventType "swiss"]
[EventRounds "7"]
[EventCountry "NED"]
[SourceTitle "EXT 2015"]
[Source "ChessBase"]
[SourceDate "2014.11.20"]
[SourceVersion "1"]
[SourceVersionDate "2014.11.20"]
[SourceQuality "1"]

1. d4 Nf6 2. Bf4 e6 3. Nf3 d5 4. e3 c5 5. c3 Bd6 6. Bg3 0-0 7. Nbd2 b6 8. Bd3 Bb7 9. Ne5 Qc7 10. f4 Nbd7 11. Bh4 Ne8 12. Bb5 Nxe5 13. fxe5 Be7 14. Qg4 Bxh4+ 15. Qxh4 f6 16. Qh3 Qe7 17. Nf3 cxd4 18. exd4 f5 19. 0-0 Nc7 20. Bd3 a5 21. Kh1 Ba6 22. Ne1 b5 23. g4 g6 24. gxf5 gxf5 25. Ng2 Kh8 26. Nf4 Qg5 27. Rf2 Qg4 28. Qxg4 fxg4 29. Raf1 Kg8 30. Nh5 Rxf2 31. Rxf2 b4 32. Bxa6 Rxa6 33. Rf4 bxc3 34. bxc3 Nb5 35. Nf6+ Kg7 36. Rxg4+ Kf7 37. Nxh7 Nxc3 38. Ng5+ Ke7 39. Rg2 Rb6 40. Rc2 Rb1+ 41. Kg2 Nb5 42. Nf3 Rb4 43. Rc5 a4 44. Kg3 Nxd4 45. Nxd4 Rxd4 46. Rc7+ Kf8 47. Ra7 Re4 48. Kf3 Rxe5 49. Rxa4 Rh5 50. h4 Kf7 51. Kg4 Rh8 52. Rb4 e5 53. Kf5 e4 54. Rb7+ Kg8 55. Rb8+ Kf7 56. Rxh8 e3 57. Rh7+ Kf8 58. Rb7 e2 59. Rb1 1-0